[Event "RUS-Cup3"]
[Site "Omsk"]
[Date "1996.??.??"]
[Round "4"]
[White "Shcherbakov, Ruslan"]
[Black "Mukhametov, Eldar"]
[Result "1/2-1/2"]
[WhiteElo "2555"]
[BlackElo "2485"]
[Annotator "Tsesarsky,I"]
[PlyCount "49"]
[EventDate "1996.12.13"]
[EventType "swiss"]
[EventRounds "9"]
[EventCountry "RUS"]
[SourceTitle "CBM 057"]
[Source "ChessBase"]
[SourceDate "1997.04.01"]
[SourceVersion "1"]
[SourceVersionDate "1997.04.01"]
[SourceQuality "1"]

1. d4 d5 2. c4 c6 3. Nf3 Nf6 4. Nc3 e6 5. Bg5 Nbd7 6. cxd5 exd5 7. e3 Be7 8.
Bd3 O-O 9. O-O Re8 10. Qc2 Nf8 11. Rae1 Be6 12. a3 (12. h3 $142 Nh5 (12... Rc8
13. Ne5 N6d7 14. Bxe7 (14. Bf4 Nxe5 15. Bxe5 Qd7 16. Na4 Bb4 17. Rc1 Qe7 18. a3
Bd6 19. Bxd6 Qxd6 20. b4 $14 {Safin,S-Hashimov,V/URS-qf Ashkhabad 1990/1-0 (76)
}) 14... Rxe7 15. f4 f6 16. Nf3 Bf7 17. f5 c5 18. Qf2 h6 19. g4 Nh7 20. Qg2 Qb6
21. h4 cxd4 22. exd4 $14 {Jacimovic,D-Pavlovic,R/JUG-ch 1991/1-0 (50)}) 13.
Bxe7 Qxe7 14. Ne5 Rad8 15. a3 Bc8 16. b4 a6 17. Na4 Ng6 18. Nf3 $14 {1/2-1/2
Hort,V-Campora,D/Biel 1987 (30)}) 12... N6d7 (12... h6 13. Bh4 N6d7 14. Bg3 Rc8
(14... Bg4 15. Nd2 Bh5 $11 {[%cal Gh5g6]}) 15. b4 a5 (15... Bg4) 16. Rb1 b5 17.
Ne5 (17. e4 axb4 18. axb4 Nf6 (18... dxe4 19. Nxe4 Bd5 $11) 19. e5 Nh5 20. Nd2
Nd7 21. f4 Nxg3 22. hxg3 Qb6 23. f5 Qxd4+ 24. Kh2 Nxe5 25. fxe6 fxe6 26. Bh7+
Kh8 27. Rf4 $13) 17... axb4 18. axb4 Nb6 19. Ne2 (19. Nxc6 $5 Rxc6 20. Bxb5 Rc8
21. Bxe8 Qxe8 22. Rfc1 Nc4 $14) 19... Nc4 20. Nf4 Bd6 21. Nxe6 Nxe6 22. Bh7+
Kf8 23. Nxc4 {1/2-1/2 Garcia Gonzales,G-Granda Zuniga,J/Capablanca mem-A 1988}
bxc4 24. Bxd6+ Qxd6 25. Bf5 Rb8 26. Qc3 $11) 13. Bf4 (13. Bxe7 Qxe7 14. b4 $14
(14. e4 $6 dxe4 15. Rxe4 Nf6 16. Re3 Qd7 17. h3 $11 (17. Rfe1 Bg4 $15))) 13...
Bg4 $1 14. Nd2 Bh5 15. Qb3 (15. b4 a6) 15... Nb6 16. Qa2 (16. Rc1 Bg6 17. Be2
Bd6 $11) 16... Bg6 17. Be2 a5 18. Bg3 (18. b3 Bd6 $11) 18... a4 19. Qa1 Nfd7
20. Qd1 Nf8 21. Nf3 Bh5 22. Bd3 Bg6 23. Be2 Bh5 24. Bd3 Bg6 25. Be2 1/2-1/2

[Event "ISR-chT"]
[Site "Israel"]
[Date "1999.05.07"]
[Round "10"]
[White "Tyomkin, Dimitri"]
[Black "Boim, Inon"]
[Result "1/2-1/2"]
[WhiteElo "2504"]
[BlackElo "2419"]
[Annotator "Tyomkin,D"]
[PlyCount "136"]
[EventDate "1999.01.??"]
[EventType "team"]
[EventRounds "11"]
[EventCountry "ISR"]
[SourceTitle "CBM 072"]
[Source "ChessBase"]
[SourceDate "1999.10.01"]
[SourceVersion "1"]
[SourceVersionDate "1999.10.01"]
[SourceQuality "1"]

1. d4 d5 2. c4 e6 3. Nf3 Nf6 4. Nc3 Be7 5. cxd5 exd5 6. Bg5 c6 7. Qc2 O-O 8. e3
Nbd7 9. Bd3 Re8 10. O-O Nf8 11. Rab1 Ne4 12. Bxe7 Qxe7 13. Bxe4 dxe4 14. Nd2
Bf5 (14... f5 15. b4 Be6 (15... a6 16. a4 Be6 17. Rfc1 Ng6 18. b5 axb5 19. axb5
Qg5 $14 {1/2-1/2 Gdanski,J-Sapis,W/Goteborg ,EXT 1989 (19)}) (15... Ng6 16. Ne2
a6 17. a4 Be6 18. Qc5 Qh4 19. Nc4 Rf8 20. Ne5 Rad8 21. Nxg6 hxg6 22. b5 axb5
23. axb5 Bd5 24. Nf4 $16 {1-0 Antunes,A-Sequeira,J/Lissabon SW 1985 (48)}) 16.
b5 $6 (16. f3 $6 exf3 17. Nxf3 Rad8 18. Rfe1 h6 19. a3 a6 20. Rbc1 Qf7 21. Ne5
Qc7 22. Qf2 Qd6 {1/2-1/2 Tempone,M-Campora,D/Buenos Aires Najdorf op ARG 1996 
(22)}) (16. Ne2 $5 {[%cal Gf1c1]}) 16... Rac8 (16... c5 17. dxc5 (17. d5 $6 Bf7
18. Nc4 Nd7 {and black has safe position.}) 17... Qxc5 18. Nb3 Qe5 19. Rfc1
Rac8 20. Nd4 Rc4 $11 {1/2-1/2 Nor,I-Klovans,J/Graz 1998/EXT 99 (65)}) 17. b6 a6
18. Rfc1 Qf7 19. a4 c5 $132 {1/2-1/2 Landenbergue,C-Vrbata,Z/Prague Vysehrad ,
EXT 1989 (35)}) 15. b4 Rac8 16. Ne2 $14 {[%cal Gc2c5] I was satisfied about
results of the opening.White has very strong position: c5-outpost could be
used for transfers of heavy pieces.The current threat is Qc5,Ne2 is the good
defender of kingside,and from-g3 can attack e4-pawn.I found this move very
logical.b4-b5 break is not useful up to now.} (16. Rfc1 Nd7 17. Na4 Nf6 18. Qc5
Qd7 19. Nf1 Be6 20. Qc2 Bd5 21. Nc5 Qe7 {1/2-1/2 Gross,L-Treffert,P/
Kirchheim-Bensheim 1984 (78)}) 16... Nd7 17. Ng3 Bg6 18. Rfc1 Nb6 19. Qc5 Rcd8
$6 (19... Qd7 $142 20. Qa5 Nd5 21. Nc4 $14) 20. Qxe7 Rxe7 21. b5 cxb5 22. Rxb5
{Whites advantage became obvious:both rooks are active,pawn e4 is a target,
white can play on both sides of the board.} f6 23. Rbc5 {[%cal Gh2h4]} Bf7 $2 {
Just loses a pawn.} (23... Nd5 24. h4 h6 25. h5 Bh7 26. Rc8 (26. Ne2 {[%cal
Ge2c3]}) 26... Rxc8 27. Rxc8+ Kf7 28. Nc4 (28. Rh8 Re6 $1 {and Bh7 is
unviolable.}) 28... Rd7 29. Kf1 {[%cal Gf1e1]}) 24. Ra5 $18 {[%csl Ra7,Re4]} a6
25. Ngxe4 Rd5 26. Rxd5 Bxd5 27. Nc3 Rc7 28. Nb3 Bf7 (28... Bxb3 29. axb3 {
[%cal Yc3a2,Yc3e2,Gg1f1]}) 29. Ne4 Rd7 (29... Nc4 30. Nd6 $18) 30. Nec5 Rc7 31.
e4 (31. f3 {was quiter way,but 31.e4 is enough strong.}) 31... Nc4 32. d5 Nd6
33. f3 Re7 {[%cal Gf6f5]} 34. Nd3 g5 35. Nd4 h5 36. Kf2 h4 37. Rb1 {[%cal
Rb1b6]} Nxe4+ {Black is totaly losing.He tries to confuse white befor e
time-control.Here I had about 4minutes on 3(actually two,because on next move
I capture the knight)moves,and I found a way to destroy my position.} (37... b5
38. Rc1 {[%cal Gc1c6]}) (37... Rc7 38. Rb6 Ne8 39. Ke3 $18) 38. fxe4 Rxe4 {
In this position I had a task to find a worse place for my knight,and I found
it!} 39. Nf5 $2 {[%mdl 8192]} (39. Ne6 $142 Ra4 40. Rb2 Ra5 41. Ke3 Rxd5 42.
Nec5 b5 43. Nxa6 $18) (39. Ne2 {[%cal Ge2c3]} Bxd5 $140 40. Nc3 Rd4 41. Ke3 $18
) 39... Bg6 {[%cal Rg6b1]} 40. Rxb7 $2 $138 {Even after a blunder of piece I
kept winning position by amazing monouevre of knight.} (40. Nh6+ Kg7 41. Ng4 $3
Rxg4 42. Rxb7+ Kh6 (42... Kg8 43. d6 Rd4 44. d7 Kf8 45. Nb4 $18 {[%cal Rb7b8,
Rb4c6]}) 43. Rb4 {That is the point.Black can not prevent exchange of rooks,
and forthcoming ending is winning for white because of remoteness of black
king.} Rxb4 44. Nxb4 Kg7 (44... a5 45. d6 Bf5 46. Nc6 Kg7 47. Nxa5 Kf7 48. Nb7
$1 {[%cal Ga2a4]}) 45. Nxa6 Kf7 46. Ke3 $18) 40... Bxf5 41. Rb4 {Now I
understood that I had missed a win in this game.The exchange of rooks forces a
draw.} (41. Nc5 Rd4 ({or} 41... Rc4 42. Nxa6 Rc2+)) 41... Kf7 42. Rxe4 Bxe4 43.
Nc5 Bxd5 44. Nxa6 Bxa2 45. g3 {Of course,black doesn't have any chances in
this endgame,but my opponent was too obstinate.} Bc4 46. Nb4 h3 47. Nc2 f5 48.
Ne3 Be6 49. Nc2 Kf6 50. Ne3 Ke5 51. Nc2 Ke4 52. Ne3 Bb3 53. Ke2 f4 54. gxf4
gxf4 55. Ng4 Bc4+ 56. Ke1 Be6 57. Nf2+ Ke3 58. Kf1 Kf3 59. Kg1 Ke2 60. Nh1 Bd5
61. Nf2 Bg2 62. Ne4 Ke3 63. Nf2 Kd2 64. Ng4 Ke1 65. Nf2 Bf1 66. Ng4 Bd3 67. Nf2
Bf5 68. Nh1 (68. Ne4 $11) 68... f3 1/2-1/2

[Event "FRA-ch"]
[Site "Auxerre"]
[Date "1996.??.??"]
[Round "3"]
[White "Touzane, Olivier"]
[Black "Vaisser, Anatoli"]
[Result "0-1"]
[WhiteElo "2500"]
[BlackElo "2565"]
[Annotator "Vaisser,A"]
[PlyCount "66"]
[EventDate "1996.??.??"]
[EventType "tourn"]
[EventRounds "15"]
[EventCountry "FRA"]
[EventCategory "9"]
[SourceTitle "CBM 054 Extra"]
[Source "ChessBase"]
[SourceDate "1996.11.01"]
[SourceVersion "1"]
[SourceVersionDate "1996.11.01"]
[SourceQuality "1"]

1. d4 d5 2. c4 e6 3. Nc3 Nf6 4. cxd5 exd5 5. Bg5 Be7 6. e3 c6 7. Qc2 O-O 8. Bd3
Nbd7 9. Nge2 Re8 10. O-O Nf8 11. f3 Ng6 (11... Be6) (11... Nh5) 12. Kh1 Be6 13.
Na4 $6 (13. f4 Ng4 (13... Bc8 $5) 14. Bxe7 Qxe7 15. f5 Qh4 16. h3 Nxe3 17. Qd2
Nxf1 18. Rxf1 $13) (13. Rad1 $5) 13... Qc7 $1 14. Nf4 $6 {[#]} (14. Rae1 Ng4
15. Bf4 Nxf4 16. Bxh7+ Kh8 17. Nxf4 Nxh2 $1 (17... Nxe3 $2 18. Nxe6 Nxc2 19.
Nxc7 Nxe1 20. Rxe1 $18) 18. Kxh2 (18. Nxe6 $2 Qg3 19. Rf2 Bd6 $19) 18... g5 $13
) 14... Ng4 $1 15. fxg4 (15. Bxe7 $2 Nxe3 16. Nxe6 Qxe7 17. Qf2 Nxf1 $19) (15.
Nxe6 $4 Qxh2#) 15... Bxg5 16. Nxe6 Rxe6 17. e4 dxe4 18. Bxe4 Rd6 19. Rf5 $6 {
[#]} (19. d5 $2 Ne5 $1 (19... b5 $6 20. Nc3 cxd5 21. Nxb5 Qxc2 22. Bxc2 Rb6 $15
) 20. Bxh7+ Kh8 21. dxc6 Rh6 $1 22. cxb7 Rxh2+ $1 23. Kg1 (23. Kxh2 $4 Nf3+)
23... Be3+ 24. Rf2 Qxb7 $1 (24... Nf3+ $2 25. Kf1 Rh1+ $2 26. Ke2 Nd4+ 27. Kd3
$18 Qxb7 28. Rxh1 $18) 25. Be4 Bxf2+ 26. Kxh2 (26. Kxf2 Rc8 $1 $19) 26... Qb8
$1 $19) (19. Nc3 $5 $15) 19... Rxd4 $5 (19... Qe7 $1 $17) 20. Rxg5 Qf4 21. Bxg6
(21. Rxg6 $2 Rxe4 $1 22. Nc3 Re7 23. Ne2 Qe5 $19) 21... hxg6 (21... Qxg5 $2 22.
Bxh7+ Kh8 23. Be4 Qxg4 24. Nc3 $14) 22. Ra5 Rd2 23. Qb3 $2 (23. Qc3 $2 b5 $1
24. Qxc6 $1 (24. Nb6 $2 Rad8) (24. Nc5 $2 Qf2 25. Rg1 Re8 26. Qc1 (26. Nd3 $2
Rxd3 27. Qxd3 Re1 $19) 26... Rc2 27. Qd1 (27. Nd3 $2 Rxc1 28. Nxf2 Rxg1+ 29.
Kxg1 Re1#) 27... Qxc5 $17) 24... Rad8 25. Qf3 (25. Nc3 $4 Rd1+ $1) (25. Rg1 $2
Rd1 26. Nc3 Rxg1+ 27. Kxg1 Qc1+ 28. Kf2 Rd2+ 29. Kg3 Rd3+ 30. Kf2 Re3 $1 31.
Qa8+ Kh7 32. Ne2 Qd2 $19) 25... Qxf3 26. gxf3 bxa4 27. Rxa4 (27. b4 R8d3) 27...
Rxb2 28. Rxa7 Rd3 $1 $17) (23. Qc1 $1 Rad8 24. Nc3 Qxg4 (24... b5 $6 25. Qg1 $1
b4 26. Na4 (26. Rf1 $6 Qxf1 $1 27. Qxf1 bxc3 28. bxc3 Rd1 $11) 26... Qxg4 27.
Rf1 Rd1 28. Re5 Rxf1 29. Qxf1 Qd1 30. Re8+ $1 Kh7 31. Qe1 $16) 25. Qf1 Qb4 $1 (
25... Rxb2 $6 26. Rxa7 $6 (26. Ra4 $5) 26... Rdd2 (26... Qd4 $2 27. Rd1) 27.
Nd1 Rxg2 $1 28. Nxb2 Rxb2 29. Ra8+ $1 (29. Re1 $2 Qh5 30. Qf4 (30. Ra8+ Kh7 31.
h3 Qd5+ 32. Kg1 Qg5+ 33. Kh1 Qd2 $19) 30... Qd5+ 31. Qe4 Rb1 $1 $19) 29... Kh7
30. Re8 Qh5 31. Qf4 Qd5+ 32. Qe4 Qh5 33. h4 c5 $1 $44) 26. Rxa7 (26. Ra3 $2
Rxb2) 26... Qxb2 (26... Rxb2 $6 27. Rd1 $1 Rxd1 28. Qxd1 $16 Qxc3 $2 29. Qd8+
Kh7 30. Qh4+ Kg8 31. Ra8#) 27. Qc1 $1 (27. Ne4 $2 Rxg2 (27... Qxa1 $2 28. Nxd2
(28. Qxa1 $4 Rd1+)) (27... R2d4 $2 28. Re1 $16) 28. Qxg2 Qxa1+ 29. Qg1 Qe5 $17
(29... Rd1 $4 30. Ra8+ Kh7 31. Ng5+ Kh6 32. Rh8#)) 27... Rxg2 28. Qxb2 Rxb2 29.
Rd1 $1 Rxd1+ (29... Re8 30. Ra4 $11) 30. Nxd1 Re2 $1 31. Nc3 Re3 32. Ra3 b5 33.
Rb3 g5 34. Kg2 g4 $11) 23... b5 24. Nc3 $2 (24. Qf3 $142 $17) 24... Qf2 25. Rg1
Re8 26. Ne4 (26. Nd1 $2 Qxg1+ 27. Kxg1 Re1#) (26. h3 $2 Re1 27. Rxe1 Qxg2#)
26... Rxe4 27. Qf3 Qxf3 28. gxf3 Ree2 29. Rc1 Rxh2+ 30. Kg1 Rdg2+ 31. Kf1 Rxb2
32. Kg1 Rbg2+ 33. Kf1 Rxa2 0-1

[Event "Corus"]
[Site "Wijk aan Zee"]
[Date "2010.01.16"]
[Round "1"]
[White "Van Wely, Loek"]
[Black "Short, Nigel D"]
[Result "1-0"]
[WhiteElo "2641"]
[BlackElo "2696"]
[Annotator "Van Wely,L"]
[PlyCount "91"]
[EventDate "2010.01.16"]
[EventType "tourn"]
[EventRounds "13"]
[EventCountry "NED"]
[EventCategory "19"]
[SourceTitle "CBM 135"]
[Source "ChessBase"]
[SourceDate "2010.03.17"]
[SourceVersion "1"]
[SourceVersionDate "2010.03.17"]
[SourceQuality "1"]

{5 years ago, Nigel played his last game in the Corus A group against me,
welcome back Nigel! :)} 1. d4 Nf6 2. c4 e6 3. Nf3 ({in 2005 I had chosen to
play} 3. Nc3 d5 ({in our last encounter, London 2009, Nigel preferred} 3... Bb4
{and although he was almost in zugzwang later , I managed succesfully to blow
myself up....}) 4. cxd5 exd5 5. Bg5 c6 6. e3 Bf5 7. Qf3 Bg6 8. Bxf6 Qxf6 9.
Qxf6 gxf6 10. Nf3 {but he didn't really enjoy this endgame :)}) 3... d5 4. Nc3
Nbd7 5. cxd5 exd5 6. Bg5 c6 7. e3 Be7 8. Qc2 O-O 9. Bd3 Re8 10. h3 Nf8 {
Fortunately Nigel doesn't have Kasparov as his trainer, I am pretty sure, he
likes how Magnus played against me:} (10... Ne4 $5 {in fact this move could be
a serious attempt to change the nature of the "traditional" Queen's Gambit
positions, and also not a bad one.} 11. Bxe4 (11. Bf4 {was the safe choice but
after} Ndf6 12. O-O Bf5 {followed by g6 and Black has no problems.}) 11... dxe4
12. Nxe4 Qa5+ 13. Kf1 Bf8 {Already after he had played ...Ne4, I realised this
must be his idea, but anyway, what should I do? And besides a pawn is a pawn,
so let's not be afraid for once in our lives :)} (13... Qf5 {was how Piket
played against me in the World Cup in Groningen 1997, but in that game I
managed to stabilise the postion and just to be a pawn up.} 14. Bxe7 Rxe7 15.
Nfd2 Nb6 16. Rc1 Nd5 17. Kg1) 14. Bf4 (14. Nc3 b5 15. Kg1 b4 16. Ne2 Bb7 17.
Kh2 c5 {with very nice compensation}) (14. g4 $5 {is the suggestion of my
silicon friend, so it has to be analysed seriously :)}) 14... Qf5 15. Nfd2 Nb6
(15... c5 $5) 16. Rc1 Nd5 17. g4 Qg6 18. Nd6 Rd8 $1 19. Qxg6 $6 hxg6 20. Nxc8
Nxf4 21. exf4 Rxd4 22. Nb3 Rb4 $1 23. Kg2 Rxc8 24. Rhd1 Rxf4 25. Rd7 Rb4 $15 {
Van Wely-Carlsen,M/Wijk aan Zee 2010}) 11. Bf4 a5 {This is an interesting
waiting move to discourage White from castling queenside, the only drawback is,
Black won't have any counterplay in the centre by playing c5, because the
b5-square would remain permanently free.} (11... Ng6 12. Bh2 Bd6 (12... Be6)
13. Bxd6 Qxd6 14. O-O-O) (11... Bd6 12. Bxd6 Qxd6 13. O-O-O) (11... Be6 {
was the choice of another expert, Arthur Jussupow, later he sold me some
sacrifices on h3 and e3...}) 12. O-O Ng6 13. Bh2 Bd6 14. Bxd6 Qxd6 15. Rfe1 $5
{A strange move, but trying to prevent Black's plan of putting a knight on e4.}
Be6 $6 {This looks natural, but if Nigel had a deeper look at the position, he
would have understood that} (15... Bd7 $1 {was the right move; later in the
game you will see why.}) (15... Qe7 $6 16. e4 {- the idea of Re1!}) 16. a3 {
Now White will start his classical minority attack.} Re7 17. Rab1 Rae8 18. b4
axb4 19. axb4 Bd7 {Now Black has to lose a tempo in order to play ...Ne4.} 20.
b5 Ne4 21. bxc6 bxc6 22. Rb6 Nxc3 23. Qxc3 Qf6 24. Bxg6 $1 {This bishop is not
needed anymore, and Black's knight was about to get active via h4. Apart from
that we want to play good knight vs bad bishop...} Qxg6 25. Kf1 f6 26. Ra1 Qh5
27. Ne1 Qf5 28. Kg1 Qg5 $2 {Probaby the last and fatal mistake. Maybe Nigel
was thinking according to the Russian chess school, that when you have only
one weakness (c6) you should be able to defend. I don't know, but you need to
have really good defensive skills for that and be ready to suffer for hours
and hours. Not my cup of tea, and definitely also not Nigel's , so I am a bit
surprised, he didn't go for counterchances with} (28... g5 $1 {of course there
is no way back after this move, but at least Black will have some fun (Rg7, g4,
h5, h4 , etc.).}) 29. Kh2 Qf5 30. Nd3 Qe6 31. Kg1 Rc8 32. Rb7 Rf7 33. Raa7 Be8
34. Qb4 Rd8 35. Nc5 {This is definitely not going to be funny for Black :)} Qc8
36. Qb6 h5 37. Rc7 Rxc7 38. Rxc7 Qa8 39. Ra7 {Some dancing to get to the 7th
rank.} Qc8 40. Rb7 Bf7 41. Qa7 Rf8 42. Nd7 Re8 43. Nxf6+ gxf6 44. Rxf7 Qf5 45.
Rg7+ Kh8 46. Qf7 {Nigel, I missed you!} 1-0